Finančné riziko vo finančnom rozhodovaní podniku

Guardado en:
Detalles Bibliográficos
Autor principal: Markovič, Peter, 1974-
Autor Corporativo: Ekonomická univerzita v Bratislave. Fakulta podnikového manažmentu
Formato: Libro
Lenguaje:eslovaco
Publicado: Bratislava Vydavateľstvo EKONÓM 2003
Materias:
Etiquetas: Agregar Etiqueta
Sin Etiquetas, Sea el primero en etiquetar este registro!

MARC

LEADER 00000nam a2200000 4500
001 c142966
005 20240502071325.2
020 |a 80-225-1667-8 
041 0 |a slo 
044 |a SK 
245 1 0 |a Finančné riziko vo finančnom rozhodovaní podniku  |c Peter Markovič 
264 1 |a Bratislava  |b Vydavateľstvo EKONÓM  |c 2003 
300 |a 120 s. 
610 2 0 |a riziko 
610 2 0 |a financie 
610 2 0 |a podnik 
610 2 0 |a rozhodovanie finančné 
610 2 0 |a metódy 
610 2 0 |a manažment 
610 2 0 |a audit interný 
610 2 0 |a kontroling 
100 1 |a Markovič, Peter, 1974- 
710 2 |a Ekonomická univerzita v Bratislave. Fakulta podnikového manažmentu